| 000 | 01446nam a2200385 i 4500 | ||
|---|---|---|---|
| 001 | 30559 | ||
| 003 | KOSZ 005 | ||
| 005 | 20210208141133.0 | ||
| 008 | s1993 pl f |000 0 pol | ||
| 040 |
_cKOSZ 005 _aKOSZ 005 _dKOSZ 005/EG |
||
| 041 | 0 | _apl | |
| 046 | _k1993 | ||
| 080 | _a504.5 | ||
| 080 | _a(438) | ||
| 245 | 0 | 0 |
_aInformacja o stanie środowiska województwa szczecińskiego / _c[oprac.Małgorzata Landsberg i in. : Państwowa Inspekcja Ochrony Środowiska, Wojewódzki Inspektorat Ochrony Środowiska w Szczecinie]. |
| 260 |
_aSzczecin : _bPIOŚ.WIOŚ, _c1993. |
||
| 300 |
_a92 s., [1 mapa] : _bmapy, 1 pl., wykr. ; _c24 cm. |
||
| 336 |
_2rdacontent _aTekst _btxt |
||
| 337 |
_2rdamedia _aBez urządzenia pośredniczącego _bn |
||
| 338 |
_2rdacarrier _aWolumin _bnc |
||
| 380 | _aKsiążki | ||
| 388 | _a1901-2000 | ||
| 388 | _a1989-2000 | ||
| 490 | 1 | _aBiblioteka Monitoringu Środowiska | |
| 650 | 7 | _aŚrodowisko człowieka | |
| 650 | 7 | _aHigiena | |
| 651 | 7 | _aPolska | |
| 658 | _aOchrona środowiska | ||
| 651 | 7 | _aSzczecin (woj. zachodniopomorskie ; okolice) | |
| 700 | 1 |
_aLandsberg, Małgorzata _eOpracowanie |
|
| 710 | 2 |
_aPaństwowa Inspekcja Ochrony Środowiska _4pbl |
|
| 830 | _aBiblioteka Monitoringu Środowiska | ||
| 856 |
_uhttp://koha.tu.koszalin.pl/cgi-bin/koha/opac-detail.pl?biblionumber=30559 _yKatalog online BPK |
||
| 942 |
_cKS _2UKD |
||
| 999 |
_c30559 _d30559 |
||